000 00872nam a22001935i 4500
001 162554
003 ES-MaACL
005 20250814235606.0
008 041119m18581861fr |||| | fre d
040 _aCAM
_bspa
_cCAM
100 1 _aPressensé, Edmonde de.
_9131356
245 1 0 _aHistoire des trois premiers siècles de l'Eglise chrétienne /
_cpar E. de Pressensé.
260 _aParis :
_bLibrairie de Ch. Meyrueis et C., éditeurs,
_c1858-1861.
300 _av. ;
_c23 cm.
505 8 _aContiene : T.I-II. Première siècle, 1858 (XV, 496 ; 520 p.) -- Deuxième série : T. I-II. La grande lutte du christianisme contre le paganisme. Les martyrs et les apologistes, 1861 (VII, 513 ; 538, [2] p.)
650 0 0 _aHistoria eclesiástica-
_yS.III
_9141193
852 _aES-MaACL
_jG-12091-12094
_z-- Enc. hol.
_q-- Sólo los 4 vol. primeros
999 _c162554
_d162554